| 000 | 00573cam a2200229 4500 | ||
|---|---|---|---|
| 008 | 090401t1992 xxu||||| |||| 00| 0 eng d | ||
| 020 | _a0115363017 | ||
| 035 | _a(Sirsi) u64238 | ||
| 041 | _aeng | ||
| 050 | _a338.20212 | ||
| 110 |
_aCentral Statistical Office _91082 |
||
| 245 | _aBusiness monitor PA1007: minerals. - 1991 | ||
| 260 |
_aLondon _bHMSO _c1992 |
||
| 300 | _a28p. ; 30cm. | ||
| 350 | _a10.5 | ||
| 520 | _aPublished annually. | ||
| 650 | _aMINERALS | ||
| 650 | _aSTATISTICS | ||
| 690 | _aMINING AND MINERALS | ||
| 942 | _n0 | ||
| 948 | _c04/03/1997 | ||
| 999 |
_c94660 _d94660 |
||